Statistics for Trace the Route of Marco Polo on a Map

Click here to take the quiz!

General Stats

  • This quiz has been taken 30,495 times
  • The average score is 18 of 20

Answers on the Map

Answers color-coded by a green-red scale on the quiz's map according to % correct below.
 

Answer Stats

Country% Correct
Italy
100%
Israel
98%
Turkey
98%
Iran
97%
Iraq
97%
Afghanistan
96%
China
94%
China
93%
Mongolia
93%
Myanmar
92%
China
91%
Tajikistan
90%
Vietnam
90%
India
88%
Indonesia
88%
Malaysia
88%
Sri Lanka
88%
Iran
87%
Italy
87%
Turkey
87%

Score Distribution

Percentile by Number Answered

Percent of People with Each Score

Your Score History

You have not taken this quiz